000 00378nam a22001577a 4500
003 MPLRDC
005 20220104123957.0
008 210129b ||||| |||| 00| 0 eng d
082 _a919.9 YHY
100 _a余海音编著
245 _a唱片欣赏与选择
_c
260 _a
_b香港万里书店
_c1962
300 _b
650 _a音乐唱片
942 _cBK
_o919.9 YHY
999 _c15677
_d15667